|
|
|
|
| LEADER |
00000nab a2200000 a 4500 |
| 001 |
vtls000271093 |
| 003 |
SK-MaSNL |
| 005 |
20260304051006.0 |
| 008 |
250422c1986 xo 0 slo |
| 015 |
|
|
|a SNBRB19rr/mm-uuuuu
|
| 035 |
|
|
|a CL0281207
|
| 035 |
|
|
|a urn:nbn:sk:snk-ab6qq5
|
| 035 |
|
|
|a (uuid)ef210bb2-b19e-4973-8c2a-016933e0cdd0
|
| 035 |
|
|
|a (urnnbn)urn:nbn:sk:snk:ar-a0591e
|
| 035 |
|
|
|a (sysno)vtls000271093
|
| 040 |
|
|
|a SNKBUCL
|b slo
|c SNKBUCL
|e AACR2
|
| 041 |
0 |
|
|a slo
|
| 044 |
|
|
|a xo
|c SK
|
| 080 |
|
|
|a 330.101:378.12
|2 1981
|
| 080 |
|
|
|a 378.12
|2 1981
|
| 100 |
1 |
|
|a Špalda, Milan
|4 aut
|9 1153326
|
| 245 |
1 |
0 |
|a Celoštátny seminár učiteľov politickej ekonómie
|c Milan Špalda
|
| 650 |
0 |
7 |
|a politická ekonómia
|2 snkbucl
|9 69672
|
| 655 |
|
7 |
|a články z novín a časopisov
|2 snkbucl
|9 267496
|
| 773 |
0 |
|
|t Ekonomický časopis
|g Roč. 34, č. 10 (1986), s. 973-975
|
| 850 |
|
|
|a Slovenská národná knižnica
|
| 852 |
|
|
|a Slovenská národná knižnica
|
| 954 |
|
|
|a odborná, vedecká literatúra pôvodná (slovenská)
|2 lita
|
| 957 |
|
|
|a 3705
|
| 958 |
|
|
|a article27
|
| 958 |
|
|
|a RK
|
| 958 |
|
|
|a OND
|
| 958 |
|
|
|a EUIPO
|
| 992 |
|
|
|a RBX
|
| 999 |
|
|
|c 2701351
|d 2703281
|